<?xml version="1.0" encoding="UTF-8"?>
<record
    xmlns:xsi="http://www.w3.org/2001/XMLSchema-instance"
    xsi:schemaLocation="http://www.loc.gov/MARC21/slim http://www.loc.gov/standards/marcxml/schema/MARC21slim.xsd"
    xmlns="http://www.loc.gov/MARC21/slim">

  <leader>01420nam a22002657a 4500</leader>
  <controlfield tag="001">2518</controlfield>
  <controlfield tag="003">HMS</controlfield>
  <controlfield tag="005">20250618110448.0</controlfield>
  <controlfield tag="008">250618e2010    cl ao||frnot| 001 0 spa  </controlfield>
  <datafield tag="020" ind1=" " ind2=" ">
    <subfield code="a">9788445817650</subfield>
  </datafield>
  <datafield tag="040" ind1=" " ind2=" ">
    <subfield code="a">hms</subfield>
    <subfield code="b">spa</subfield>
    <subfield code="c">hms</subfield>
  </datafield>
  <datafield tag="041" ind1=" " ind2=" ">
    <subfield code="a">spa</subfield>
    <subfield code="h">eng</subfield>
  </datafield>
  <datafield tag="050" ind1="0" ind2="4">
    <subfield code="a">WL101</subfield>
    <subfield code="b">C951</subfield>
  </datafield>
  <datafield tag="100" ind1="1" ind2=" ">
    <subfield code="a">Crossman, A. R.</subfield>
    <subfield code="e">autor</subfield>
    <subfield code="9">3566</subfield>
  </datafield>
  <datafield tag="245" ind1="1" ind2="0">
    <subfield code="a">Neuroanatom&#xED;a :</subfield>
    <subfield code="b">Texto y atlas en color /</subfield>
    <subfield code="c">A. R. Crossman, D. Neary</subfield>
    <subfield code="h">[libro]</subfield>
  </datafield>
  <datafield tag="246" ind1="1" ind2=" ">
    <subfield code="a">Neuroanatomy An Illustrated Colour Text</subfield>
  </datafield>
  <datafield tag="250" ind1=" " ind2=" ">
    <subfield code="a">Tercera edici&#xF3;n</subfield>
  </datafield>
  <datafield tag="260" ind1=" " ind2=" ">
    <subfield code="a">Barcelona, Espa&#xF1;a :</subfield>
    <subfield code="b">Elsevier Masson,</subfield>
    <subfield code="c">2010</subfield>
  </datafield>
  <datafield tag="300" ind1=" " ind2=" ">
    <subfield code="a">185 p&#xE1;ginas :</subfield>
    <subfield code="b">ilustraciones </subfield>
  </datafield>
  <datafield tag="500" ind1=" " ind2=" ">
    <subfield code="a">Incluye &#xED;ndice</subfield>
  </datafield>
  <datafield tag="504" ind1=" " ind2=" ">
    <subfield code="a">Incluye bibliograf&#xED;as </subfield>
  </datafield>
  <datafield tag="505" ind1=" " ind2=" ">
    <subfield code="a">1. Introducci&#xF3;n y visi&#xF3;n general. -- 2. C&#xE9;lulas del sistema nervioso. -- 3. Sistema nervioso perif&#xE9;rico. -- 4. Sistema nervioso aut&#xF3;nomo. -- 5. Envolturas del sistema nervioso central. -- 6. Sistema ventricular y l&#xED;quidos cefalorraqu&#xED;deo. -- 7. Vascularizaci&#xF3;n del sistema nervioso central. -- 8. M&#xE9;dula espinal. -- 9. Tronco del enc&#xE9;falo. -- 10. Nervios craneales y n&#xFA;cleos de los nervios craneales. -- 11. Cerebelo. -- 12. T&#xE1;lamo, -- 13. Hemisferio cerebral y corteza cerebral. -- 14. Cuerpo estriado. -- 15. Sistema visual. -- 16. Hipot&#xE1;lamo, sistema l&#xED;mbico y sistema olfatorio. -- 17. Resoluci&#xF3;n del problemas.
  </subfield>
  </datafield>
  <datafield tag="650" ind1=" " ind2="7">
    <subfield code="a">Neuroanatom&#xED;a </subfield>
    <subfield code="v">Atlas.</subfield>
    <subfield code="9">3567</subfield>
  </datafield>
  <datafield tag="942" ind1=" " ind2=" ">
    <subfield code="2">lcc</subfield>
    <subfield code="c">COL. RES.</subfield>
    <subfield code="n">0</subfield>
  </datafield>
  <datafield tag="999" ind1=" " ind2=" ">
    <subfield code="c">2518</subfield>
    <subfield code="d">2518</subfield>
  </datafield>
  <datafield tag="952" ind1=" " ind2=" ">
    <subfield code="0">0</subfield>
    <subfield code="1">0</subfield>
    <subfield code="2">lcc</subfield>
    <subfield code="4">0</subfield>
    <subfield code="7">0</subfield>
    <subfield code="8">Col. Res.</subfield>
    <subfield code="a">BHMS</subfield>
    <subfield code="b">BHMS</subfield>
    <subfield code="c">Full Space</subfield>
    <subfield code="d">2025-06-18</subfield>
    <subfield code="e">Donaci&#xF3;n</subfield>
    <subfield code="i">001297</subfield>
    <subfield code="l">0</subfield>
    <subfield code="o">WL101 C951 3&#xAA;ed 2010</subfield>
    <subfield code="p">001297</subfield>
    <subfield code="r">2025-06-18 09:52:51</subfield>
    <subfield code="t">c.1</subfield>
    <subfield code="w">2025-06-18</subfield>
    <subfield code="y">COL. RES.</subfield>
  </datafield>
</record>
